000 00291nam a22001337a 4500
008 181003b xxu||||| |||| 00| 0 eng d
020 _a0139715088
041 _aeng
080 _a070
100 _a28
101 _aMED
245 _aWriting For The Media
_cMloney.M.J
942 _2udc
_cBK
999 _c48811
_d48811